| 000 | 00417nam a2200157Ia 4500 | ||
|---|---|---|---|
| 005 | 20250318150107.0 | ||
| 008 | 231217s9999 xx 000 0 und d | ||
| 020 | _a9788174467164 | ||
| 082 | _a001.6424EXC SAH;1 R | ||
| 100 | _aSah, Ash Narayan. | ||
| 245 | 0 | _aData analysis using microsoft excel | |
| 260 |
_c2009 _bExcel Books _aNew Delhi |
||
| 300 | _ax+198 | ||
| 650 | _ausing,microsoft,excel | ||
| 942 | _cAA | ||
| 999 |
_c183491 _d183491 |
||